A incredible shot (Record no. 132945)

MARC details
000 -LEADER
fixed length control field 00789nam a2200277 i 4500
001 - CONTROL NUMBER
control field C2-0334478
003 - CONTROL NUMBER IDENTIFIER
control field PPAK
005 - DATE AND TIME OF LATEST TRANSACTION
control field 20180728134253.0
008 - FIXED-LENGTH DATA ELEMENTS--GENERAL INFORMATION
fixed length control field 151105s2014 my a|||| ||||| | eng d
020 ## - INTERNATIONAL STANDARD BOOK NUMBER
International Standard Book Number 9789670367408
040 ## - CATALOGING SOURCE
Original cataloging agency PPAK
Language of cataloging eng
Transcribing agency PPAK
Description conventions rda
082 04 - DEWEY DECIMAL CLASSIFICATION NUMBER
Classification number 823
Edition number 23
090 00 - LOCALLY ASSIGNED LC-TYPE CALL NUMBER (OCLC); LOCAL CALL NUMBER (RLIN)
Classification number (OCLC) (R) ; Classification number, CALL (RLIN) (NR) 823
Feature heading WEE
Feature heading K
100 1# - MAIN ENTRY--PERSONAL NAME
Personal name Wee, Mandy M.L.,
Relator term author
245 12 - TITLE STATEMENT
Title A incredible shot
264 #1 - PRODUCTION, PUBLICATION, DISTRIBUTION, MANUFACTURE, AND COPYRIGHT NOTICE
Place of production, publication, distribution, manufacture Subang Jaya, Selangor :
Name of producer, publisher, distributor, manufacturer Penerbitan Semangat Intelek ,
Date of production, publication, distribution, manufacture, or copyright notice 2014
300 ## - PHYSICAL DESCRIPTION
Extent 60 pages :
Other physical details illustrations ;
Dimensions 20 cm
336 ## - CONTENT TYPE
Source rdacontent
Content type term text
337 ## - MEDIA TYPE
Source rdamedia
Media type term unmediated
338 ## - CARRIER TYPE
Source rdacarrier
Carrier type term volume
490 1# - SERIES STATEMENT
Series statement The incredible series
500 ## - GENERAL NOTE
General note Includes glossary.
650 10 - SUBJECT ADDED ENTRY--TOPICAL TERM
Topical term or geographic name entry element Children's stories, English.
830 #0 - SERIES ADDED ENTRY--UNIFORM TITLE
Uniform title The incredible series
942 ## - ADDED ENTRY ELEMENTS (KOHA)
-- dc
Koha item type Book
Holdings
Withdrawn Not for loan Current library Shelving location Date acquired Total Checkouts Full call number Barcode Date last seen Date last checked out Koha item type
    Perpustakaan Alor Setar Pinjaman Kanak-kanak 05/11/2015 1 K 823 WEE A01468756 14/06/2025 10/06/2025 Book
    Perpustakaan Awam Sungai Petani Pinjaman Kanak-kanak 05/11/2015 1 K 823 WEE A01468757 05/05/2019 14/04/2019 Book
    Perpustakaan Jitra Pinjaman Kanak-kanak 05/11/2015   K 823 WEE A01468758 09/05/2018   Book
    Perpustakaan Langkawi Pinjaman Kanak-kanak 05/11/2015   K 823 WEE A01468759 09/05/2018   Book